Modern Bengali dictionary for non Bengali readers (Record no. 909263)

MARC details
000 -LEADER
fixed length control field 00765nam a2200265Ia 4500
003 - CONTROL NUMBER IDENTIFIER
control field OSt
005 - DATE AND TIME OF LATEST TRANSACTION
control field 20221002043948.0
008 - FIXED-LENGTH DATA ELEMENTS--GENERAL INFORMATION
fixed length control field 220930b |||||||| |||| 00| 0 eng d
020 ## - INTERNATIONAL STANDARD BOOK NUMBER
International Standard Book Number 8172361157
037 ## - SOURCE OF ACQUISITION
Terms of availability Reference Collections
040 ## - CATALOGING SOURCE
Original cataloging agency CRL
Transcribing agency CRL
Language of cataloging eng
041 ## - LANGUAGE CODE
Source of code eng
Language code of text/sound track or separate title eng
100 ## - MAIN ENTRY--PERSONAL NAME
Personal name Bandyopadhyay Asit Kumar
245 #0 - TITLE STATEMENT
Title Modern Bengali dictionary for non Bengali readers
260 ## - PUBLICATION, DISTRIBUTION, ETC.
Place of publication, distribution, etc. Kolkata
Name of publisher, distributor, etc. The Asiatic Society India
Date of publication, distribution, etc. 2002
300 ## - PHYSICAL DESCRIPTION
Extent 658p.
Dimensions cm.
490 ## - SERIES STATEMENT
Volume/sequential designation V2
650 ## - SUBJECT ADDED ENTRY--TOPICAL TERM
Topical term or geographic name entry element LINGUISTICS
942 ## - ADDED ENTRY ELEMENTS (KOHA)
Classification part P157:4k, 111P2.2 (RR)
Koha item type
Source of classification or shelving scheme Colon Classification (CC)
Holdings
Withdrawn status Lost status Damaged status Not for loan Home library Current library Date acquired Serial Enumeration / chronology Total Checkouts Full call number Barcode Date last seen Price effective from Koha item type
        Central Library Central Library 2022-10-02 V2   P157:4k 111P2.2 (RR) CL1211592 2022-10-02 2022-10-02  
Copyright @ Delhi University Library System